000 00713nam a22001817a 4500
005 20150408114134.0
008 130602t 1432su ||||| |||| 00| 0 ara d
040 _ama-un
082 _221
_a811.095531
_bع ح د
245 _aدليل المحتار بمعاني الشعار :
_bمعاني كلمات نبطيه /
_cحمد بن على سالم العباد ،
250 _aط.1
260 _aعنيزه :
_bدار المؤلف .
_c2011
300 _a123 ص
_c24 سم
100 _aالعباد ، حمد بن على سالم
_935897
500 _aالوجود بالمكتبة : مج 1
650 _9723
_aالشعر العربي
_xتاريخ ونقد
_yالعصر العباسي، 750-1258
942 _2ddc
_cBOOK
999 _c30028
_d264528